| 000 | 00509cam a2200193ua 4500 | ||
|---|---|---|---|
| 001 | 371 | ||
| 005 | 20260515113145.0 | ||
| 008 | 110330n ii |||gr||||Z||||||eng | ||
| 040 | _cMAIN | ||
| 082 | _a341 | ||
| 245 | 1 |
_aInternational law and human rights _cby S.K. Kapoor |
|
| 250 | _a14th. | ||
| 260 |
_aAllahabad: _bCentral law agency, _c2002. |
||
| 300 |
_axlix,975p: _c50cm. |
||
| 653 | _aPolitical science | ||
| 653 | _aInternational law and human rights | ||
| 700 |
_aKapoor, S.K., _eAuthor. |
||
| 942 | _cBK | ||
| 999 |
_c318 _d318 |
||